Lift and Look: Let's Get Dressed: (Record no. 8576)

MARC details
000 -LEADER
fixed length control field 00902nam a22002657a 4500
001 - CONTROL NUMBER
control field 8576
003 - CONTROL NUMBER IDENTIFIER
control field FISKH
005 - DATE AND TIME OF LATEST TRANSACTION
control field 20251001135452.0
008 - FIXED-LENGTH DATA ELEMENTS--GENERAL INFORMATION
fixed length control field 251001b cb ||||| |||| 00| 0 eng d
020 ## - INTERNATIONAL STANDARD BOOK NUMBER
International Standard Book Number 9781445402284
040 ## - CATALOGING SOURCE
Original cataloging agency FISKH
Language of cataloging eng
Transcribing agency FISKH
Modifying agency FISKH
050 ## - LIBRARY OF CONGRESS CALL NUMBER
Classification number PZ7
082 ## - DEWEY DECIMAL CLASSIFICATION NUMBER
Classification number 793.01922
100 ## - MAIN ENTRY--PERSONAL NAME
Personal name Anonymous
245 ## - TITLE STATEMENT
Title Lift and Look: Let's Get Dressed:
Remainder of title Lift and learn with jigsaw words
260 ## - PUBLICATION, DISTRIBUTION, ETC.
Place of publication, distribution, etc. Bath BA1 1HE:
Name of publisher, distributor, etc. Parragon,
Date of publication, distribution, etc. 2010.
300 ## - PHYSICAL DESCRIPTION
Extent 10 unnumbered pages:
Other physical details color illustrations;
Dimensions 22cm
505 ## - FORMATTED CONTENTS NOTE
Formatted contents note aa<br/>
520 ## - SUMMARY, ETC.
Summary, etc. Lift and look is a game all young children love to play. The jigsaw words cards inside are perfect for lttle hands and the fun photos will encourage endless chattering and chuckling!
521 8# - TARGET AUDIENCE NOTE
Target audience note 10<br/>
Source Lexile estimate <br/>
521 8# - TARGET AUDIENCE NOTE
Target audience note aa<br/>
Source Raz-Plus<br/>
650 ## - SUBJECT ADDED ENTRY--TOPICAL TERM
Topical term or geographic name entry element Arts & recreation 
Form subdivision Nonfiction
942 ## - ADDED ENTRY ELEMENTS (KOHA)
Source of classification or shelving scheme Dewey Decimal Classification
Koha item type Books
Suppress in OPAC No
Holdings
Withdrawn status Lost status Source of classification or shelving scheme Damaged status Not for loan Collection Home library Current library Shelving location Date acquired Total Checkouts Full call number Barcode Date due Date last seen Date last checked out Copy number Price effective from Koha item type
    Dewey Decimal Classification     Non-Fiction Footprints International School Library Network Toul Kork Campus Footprints International School Library Network Toul Kork Campus TK Primary Library Room(4th Floor), Bookcase 7, Shelves 57-60, Dark Green Books 10/01/2025 2 ANO 793.01922 PZ7 2025-4448 03/26/2026 03/12/2026 03/12/2026 1 10/01/2025 Books